[Event "CAN-ch U14 Girls"]
[Site "Richmond Hill"]
[Date "2011.07.08"]
[Round "7"]
[White "Giblon, Rebecca"]
[Black "Shapwaykeesic, Chantal"]
[Result "1-0"]
[WhiteElo "1583"]
[BlackElo "747"]
[PlyCount "21"]
[EventDate "2011.07.06"]
[EventType "swiss"]
[EventRounds "7"]
[EventCountry "CAN"]
[SourceTitle "EXT 2022"]
[Source "ChessBase"]
[SourceDate "2021.10.06"]
[SourceVersion "1"]
[SourceVersionDate "2021.10.06"]
[SourceQuality "1"]

1. e4 d6 2. d4 Nc6 3. Nf3 b6 4. Bb5 Bd7 5. Nc3 a6 6. Ba4 b5 7. Bb3 b4 8. Nd5 Rb8 9. Ng5 f6 10. Nxf6+ gxf6 11. Qh5# 1-0